EMP časopis o českém, slovenském a evropském právu

Guardado en:
Detalles Bibliográficos
Formato: Seriadas
Lenguaje:checo
Publicado: Utrecht Stichting EMP 2004
Materias:
Etiquetas: Agregar Etiqueta
Sin Etiquetas, Sea el primero en etiquetar este registro!

MARC

LEADER 00000nas2a22000001 4500
001 0069541
005 20080123134111.7
022 |a 1210-3977 
041 0 |a cze 
044 |a CZ 
245 1 0 |a EMP  |b časopis o českém, slovenském a evropském právu 
264 1 |a Utrecht  |b Stichting EMP  |c 2004 
500 |a Chýba 1 príl. 
773 0 |w eu_un_cat*s120673 
610 2 0 |a právo 
610 2 0 |a Slovensko 
610 2 0 |a Európa 
610 2 0 |a Európska únia 
610 2 0 |a aproximácia práva 
610 2 0 |a Česko